| 000 | 00877cab a2200277 4500 | ||
|---|---|---|---|
| 001 | WB3129-29 | ||
| 008 | 090401t1995 xxu||||| |||| 00| 0 eng d | ||
| 035 | _a(Sirsi) u40954 | ||
| 041 | _aeng | ||
| 245 | _aLudlow scheme blocked | ||
| 260 | _c1995 | ||
| 350 | _a0 | ||
| 490 |
_aFinancial Times _v25 July 1995, 6 |
||
| 490 |
_aDaily Telegraph _v25 July 1995, 18(2) |
||
| 520 | _aA planning application for a redesigned superstore scheme in Ludlow blocked by the SoS Environment on architectural grounds will be determined under revised PPG6 guidelines. (See WB3128-42). | ||
| 650 | _aARCHITECTURAL QUALITY | ||
| 650 | _aDRAFT PPG6 | ||
| 650 | _aLUDLOW | ||
| 650 | _aOUT-OF-TOWN DEVELOPMENT | ||
| 650 | _aPLANNING APPLICATIONS | ||
| 650 | _aSUPERSTORES | ||
| 650 | _aTOWN CENTRES | ||
| 690 | _aPLANNING LAW AND PRACTICE | ||
| 942 | _n0 | ||
| 948 | _c04/03/1997 | ||
| 999 |
_c26269 _d26269 |
||